000 00996nam a2200289Ia 4500
005 20220317001508.0
008 161108s2016 s g 000 f s
020 _a9788491040682
100 1 _aLondon, Jack
_d1876-1916
245 1 0 _aColmillo blanco
_cJack London ; traducción de María del Mar Hernández
250 _a3a. edición
300 _a307 páginas
_c18 cm
490 _aEl libro de bolsillo : biblioteca de autor
534 _tTítulo original: White fang
650 1 4 _2LEMB
_aNovela juvenil estadounidense
_ySiglo XIX
650 1 4 _2LEMB
_aLiteratura juvenil estadounidense
_ySiglo XIX
650 1 4 _2LEMB
_aAnimales en la literatura
650 1 4 _2LEMB
_aPerros en la literatura
700 1 _aHernández, María del Mar
_974385
942 _2loc
_cBKLIT
264 _aMadrid
_bAlianza
_c[2016]
336 _atexto
_btxt
_2rdacontent
337 _asin mediación
_bn
_2rdamedia
338 _avolumen
_bnc
_2rdacarrier
040 _aCO-BoRNBP
_bspa
_erda
_cCO-BoRNBP
084 _aN LON1
999 _c7160
_d7160